000 00352nam a2200133Ia 4500
005 20251222144722.0
008 251222s9999||||xx |||||||||||||| ||spa||
020 _a0-94-060204-0
082 _a332.041/B85
100 _aBruck, Nicholas
245 0 _aMercados de Capitales Bajo Inflación
264 _bBolsa de Comercio de Buenos Aires
942 _cLIB
999 _c18259
_d18259